| 000 | 00871nam a22002777a 4500 | ||
|---|---|---|---|
| 001 | 7478 | ||
| 003 | FISKH | ||
| 005 | 20250718144446.0 | ||
| 008 | 250718b cb ||||| |||| 00| 0 eng d | ||
| 020 | _a9780439403252 | ||
| 040 |
_aFISKH _beng _cFISKH _dFISKH |
||
| 050 | _aPZ7 .W4712 | ||
| 082 | _a823.92 | ||
| 100 | _aAxtell, David | ||
| 245 |
_aCazaremos un león / _cBY David Axtell |
||
| 260 |
_aNew York : _bScholastic , _c1999. |
||
| 300 |
_a27 unnumbered pages : _bcolor illustrations ; _c27 cm . |
||
| 505 | _aF | ||
| 520 | _aTwo girls set out bravely in search of a lion, going through long grass, a swamp, and a cave before they find what they're looking for. | ||
| 521 | 8 |
_a330
_bLexile estimate |
|
| 521 | 8 |
_aF
_bRaz-Plus |
|
| 650 |
_aAfrican American _vFiction |
||
| 650 |
_aFamily _vFiction |
||
| 942 |
_2ddc _cBK _n0 |
||
| 999 |
_c7478 _d7478 |
||